00601nam a2200169 a 4500001001000000003000400010005001700014008004100031040002500072100002400097245006600121260004200187300003900229500007300268500005800341504003200399000034551OSt20200930073749.0111006s2012 pr ac 000 0 spa d aDO-SdBNPbspacBNPHU1 aMalavet Vega, Pedro13aEl abogado criminalista en Puerto Rico /cPedro Malavet Vega. aPuerto Rico :bEdiciones Omar,c2012. ax, 311 p. :bils., retr. ;c23 cm. aIncluye referencias bibliográficas y notas al pie de las páginas aIncluye datos biográficos del autor en las solapas. aBibliografía : p. 299-302